00686nam a2200217Ia 4500008004100000020001500041040001800056041000800074100001800082245010000100250001200200260006700212300001900279504003300298650002900331650001500360650002000375650002000395700001600415700003700431130821s1993 mx gr spa  a9688803073 aCo-BoUCMbspa aspa aCase, Karl E. aFundamentos de economíacKarl E. Case, Ray C. Fair ; Traducción Pilar Mascaró Sacristán a2a. ed. aMéxico D.F. (México)bPrentice Hall Hispanoamericanac1993 a1086 páginas aIncluye glosario e índice.04aEconomía internacional04aEconomía04aMacroeconomía04aMicroeconomía aFair, Ray C aMascaró Sacristán, PilareTr